Online
Catalog

En marcha con Fidel / (Record no. 5593)

MARC details
000 -CABECERA
campo de control de longitud fija 00804cam a2200241 a 4500
001 - NÚMERO DE CONTROL
campo de control 000005797
005 - FECHA Y HORA DE LA ÚLTIMA TRANSACCIÓN
campo de control 20240502094959.0
008 - DATOS DE LONGITUD FIJA--INFORMACIÓN GENERAL
campo de control de longitud fija 830601m19829999cu a b 001 0 spa
010 ## - NÚMERO DE CONTROL DE LA BIBLIOTECA DEL CONGRESO
Número de control de LC 83112011
040 ## - FUENTE DE LA CATALOGACIÓN
Centro catalogador/agencia de origen DO-SdBNP
Centro/agencia transcriptor DLC
Centro/agencia modificador DLC
082 ## - NÚMERO DE LA CLASIFICACIÓN DECIMAL DEWEY
Número de clasificación 972.91064
Número de documento/Ítem N964e
100 1# - ENTRADA PRINCIPAL--NOMBRE DE PERSONA
Nombre de persona Núñez Jiménez, Antonio.
9 (RLIN) 4130
245 10 - MENCIÓN DE TÍTULO
Título En marcha con Fidel /
Mención de responsabilidad, etc. Antonio Núñez Jiménez; edición, Rosario Esteva.
260 ## - PUBLICACIÓN, DISTRIBUCIÓN, ETC.
Lugar de publicación, distribución, etc. La Habana :
Nombre del editor, distribuidor, etc. Letras Cubanas,
Fecha de publicación, distribución, etc. 1982.
300 ## - DESCRIPCIÓN FÍSICA
Extensión v. 1 :
Otras características físicas il. ;
Dimensiones 21 cm.
504 ## - NOTA DE BIBLIOGRAFÍA, ETC.
Nota de bibliografía, etc. Incluye referencias bibliográficas
505 1# - NOTA DE CONTENIDO CON FORMATO
Nota de contenido con formato v. 1. 1959.
651 #4 - PUNTO DE ACCESO ADICIONAL DE MATERIA--NOMBRE GEOGRÁFICO
Nombre geográfico Cuba
Subdivisión general Historia
Subdivisión cronológica REVOLUCIÓN, 1959.
9 (RLIN) 2456
651 #4 - PUNTO DE ACCESO ADICIONAL DE MATERIA--NOMBRE GEOGRÁFICO
Nombre geográfico Cuba
Subdivisión general Historia
Subdivisión cronológica 1959-1990.
9 (RLIN) 5937
600 10 - PUNTO DE ACCESO ADICIONAL DE MATERIA--NOMBRE DE PERSONA
Nombre de persona Castro, Fidel
Fechas asociadas al nombre 1926-2016
9 (RLIN) 16971
700 1# - PUNTO DE ACCESO ADICIONAL--NOMBRE DE PERSONA
Nombre de persona Esteva, Rosario
Término indicativo de función/relación ed.
9 (RLIN) 16399
910 ## - DATOS DE OPCIÓN DEL USUARIO (OCLC)
Datos de opción del usuario Catalogación por copia / LC
Holdings
Estado de retiro Estado de pérdida Restricciones de uso No para préstamo Código de colección Localización permanente Ubicación/localización actual Ubicación en estantería Fecha de adquisición Número de inventario Total de préstamos Signatura topográfica completa Código de barras Fecha visto por última vez Precio válido a partir de Tipo de ítem Koha
    Préstamo interno   Monografías: Libros y Folletos General General En catalogación 22.08.2009 LF1   972.91064 N964e 5797-10 25.06.2020 25.06.2020 Préstamo interno

Powered by Koha